Μαθηματικά Ε' Δημοτικού

Αποθηκεύτηκε σε:
Λεπτομέρειες βιβλιογραφικής εγγραφής
Κύριος συγγραφέας: Παπαθανασίου, Γιάννης Αθαν
Άλλοι συγγραφείς: Παπαθανασίου, Δημήτρης Αθ
Μορφή: Βιβλίο
Γλώσσα:Greek
Δημοσίευση: [Αθήνα] : Μεταίχμιο, [c2005]
Σειρά:Εκπαιδευτικά βιβλία για το Δημοτικό (Μεταίχμιο)
Θέματα:
Ετικέτες: Προσθήκη ετικέτας
Δεν υπάρχουν, Καταχωρήστε ετικέτα πρώτοι!

MARC

LEADER 00000cam a2200000 i 4500
001 1/3121
008 100114s2005 gr ||| | gre||
020 |a 9603759430 
035 |l 10106264 
040 |a GR-MY-UA  |b gre  |e aacr 
041 0 |a gre 
082 0 |a 372.7044  |2 (22) 
100 1 |a Παπαθανασίου, Γιάννης Αθαν. 
245 1 0 |a Μαθηματικά Ε' Δημοτικού /   |c Γιάννης Παπαθανασίου, Δημήτρης Παπαθανασίου. 
260 |a [Αθήνα] :   |b Μεταίχμιο,   |c [c2005] 
300 |a 612 σ.;   |c 24 εκ. 
490 1 |a Εκπαιδευτικά βιβλία για το Δημοτικό (Μεταίχμιο). 
500 |a "Σύμφωνα με το νέο σχολικό βιβλίο και το διαθεματικό ενιαίο πλαίσιο προγραμμάτων σπουδών" 
650 0 0 |a Mathematics  |x Study and teaching (Elementary) 
650 0 0 |a Mathematics  |x Study and teaching (Primary) 
700 1 |a Παπαθανασίου, Δημήτρης Αθ. 
830 0 |a Εκπαιδευτικά βιβλία για το Δημοτικό (Μεταίχμιο) 
852 |a INST  |b RHODES  |e 20100114  |h 372.7044 ΠΑΠ  |p 005400032317  |q 005400032317  |t BK  |y 0 
901 |a BIBL4-2010-1 
909 |a Ρ  |b 159547 
970 |a ΚΟΖΑ  |b ΜΑΡΙΑ  |z 2010/01/14